Minecraft Volume Alpha - Statistics

General Stats
  • This quiz has been taken 46 times
  • The average score is 14 of 24
Answer Stats
Title Filename Description on Bandcamp % Correct
Sweden calm3.ogg Wonderful country
85%
Mice on Venus piano3.ogg Or mars.
82%
Minecraft calm1.ogg The very first and last song.
82%
Dry Hands piano1.ogg Yep!
79%
Cat cat.ogg You know what they say - curiosity killed the cat.
76%
Thirteen 13.ogg No human was harmed in the making of this recording.
76%
Wet Hands piano2.ogg And cold too.
76%
Key nuance1.ogg opens
74%
Subwoofer Lullaby hal1.ogg Imagine a forest with a subwoofer on overdrive...
74%
Door - Welcome!
71%
Living Mice hal2.ogg Yes, I mean you.
71%
Clark calm2.ogg <3
62%
Dog - I don't know about dogs though...
59%
Moog City - Imagine that!
59%
Danny hal4.ogg All his fault
56%
Haggstrom hal3.ogg MHG MHG MHG
47%
Death - Totally worth it though
44%
Droopy likes your face - Not featured in the video on minecraft.net but nontheless [sic] completes the song
44%
Oxygène nuance2.ogg Accidental reference obviously.
44%
Droopy likes ricochet - Featured in the video on minecraft.net
41%
Chris - He likes it.
38%
Beginning - All his fault
35%
Équinoxe - No reference in here!
26%
Excuse - ...
24%
No matching quizzes found
Score Distribution
Percent of People with Each Score
Percentile by Number Answered
Your Score History
You have not taken this quiz